000 00798nam a2200229Ia 4500
005 20240530110954.0
008 140319s2009 xx 000 0 ara d
040 _aGCL /
_cGCL
082 0 4 _a657.46 /
_bى م
100 1 _aياسر صالح الفريجات
245 0 2 _aالمحاسبة فى علم الضرائب /
_cتاليف ياسر صالح الفريجات
250 _aالاولى
260 _aالاردن :
_bدار المناهج للنشر والتوزيع،
_c2009
300 _a478 ص ؛
_c24 سم
650 0 4 _aالضرائب
650 0 4 _aالمحاسبة الضريبية
650 0 4 _aالضرائب المباشرة
650 0 4 _aالضرائب - محاسبة
651 _aالاردن
942 _2ddc
_cBK
999 _c67056
_d67056